000 00477nam a2200193Ia 4500
005 20250425162810.0
008 250425s9999 xx 000 0 und d
041 _aeng
082 _a669.002
110 _aAMERICAN SOCIETY FOR METALS
245 0 _aMETALS HANDBOOK: PROPERTIES AND SELECTION OF METALS
250 _a8TH ED.
260 _aEstados Unidos
_bASM
_c1961
260 _aOHIO CITY
300 _a1236
650 _aMETALURGIA
942 _c01
010 _a109071
999 _c236665
_d236665